Normal view
MARC view
Entry Topical Term
001 - CONTROL NUMBER
- control field: 15936
003 - CONTROL NUMBER IDENTIFIER
- control field: OSt
005 - DATE AND TIME OF LATEST TRANSACTION
- control field: 20250314014154.0
008 - FIXED-LENGTH DATA ELEMENTS
- fixed length control field: 250314|| aca||aabn | a|a d
040 ## - CATALOGING SOURCE
- Original cataloging agency: OSt
- Transcribing agency: OSt
150 ## - HEADING--TOPICAL TERM
- Topical term or geographic name entry element: Parasitism
670 ## - SOURCE DATA FOUND
- Source citation: Work cat.: (OSt)5591: Markell, Edward K 15934, Markell and voge's :, 1999